[Event "Tournament 14459 - Europe Echecs"]
[Site "Europe Echecs"]
[Date "2020.07.07"]
[Round "8"]
[Time "17:52:33"]
[PlyCount "52"]
[White "BarrauArthur"]
[Black "FassiMaeliaAl"]
[WhiteElo "980"]
[BlackElo "799"]
[Mode "WEB"]
[Result "1-0"]

1. e4 e5 2. Nf3 Nf6 3. Nxe5 Nxe4 4. Qe2 Qe7 5. f3 f6 6. Qxe4 fxe5 7. f4 Qf7 8.
fxe5 Qg8 9. Qh4 Bc5 10. Qh5+ Kd8 11. Bc4 Qe8 12. d4 Qxh5 13. dxc5 c6 14. h3 d5
15. g4 Qe8 16. O-O Be6 17. Bg5+ Kc8 18. Bd3 Rf8 19. Rxf8 Qxf8 20. Nc3 Qf7 21.
Rf1 Na6 22. Rxf7 d4 23. Ne2 Nxc5 24. Nxd4 Nxd3 25. Nxe6 Kb8 26. Rf8# {FassiMaeliaAl est échec et mat} 1-0

[Event "Tournament 14459 - Europe Echecs"]
[Site "Europe Echecs"]
[Date "2020.07.07"]
[Round "8"]
[Time "17:52:33"]
[PlyCount "159"]
[White "CazacuSofia"]
[Black "BaloulYaksen"]
[WhiteElo "799"]
[BlackElo "799"]
[Mode "WEB"]
[Result "1/2-1/2"]

1. d4 e5 2. e4 d6 3. Nc3 exd4 4. Bf4 d5 5. Nxd5 Nc6 6. b4 Nxb4 7. c3 dxc3 8. a3
Nxd5 9. Bg3 Nde7 10. e5 g6 11. f3 b5 12. f4 f6 13. f5 fxe5 14. fxg6 hxg6 15.
Bxe5 g5 16. Bg3 c2 17. Qc1 Rb8 18. Qxc2 Bb7 19. Qb2 c6 20. Qc1 Rc8 21. Qd1 Rc7
22. Qc1 c5 23. Ra2 Rd7 24. Rd2 Rxd2 25. Qxd2 Qxd2+ 26. Kxd2 Rh5 27. Ke1 c4 28.
Be2 c3 29. Bxb5+ Kf7 30. Bf1 c2 31. Kd2 c1=Q+ 32. Kxc1 Nd5 33. Kd2 Bxa3 34. Ke2
Bb2 35. Kf3 a6 36. Kg4 Rh6 37. Kxg5 Rh8 38. Kg4 Nf4 39. Kxf4 a5 40. Ke3 a4 41.
Kd3 a3 42. Kc2 a2 43. Kxb2 Bxg2 44. Kxa2 Rh7 45. Kb2 Nf6 46. Kc2 Ne4 47. Kb1
Bxf1 48. Kc1 Bd3 49. Kb2 Nd2 50. Kc3 Bb5 51. Kxd2 Rh5 52. Kc3 Rd5 53. Kb4 Bc6
54. Kc3 Rd4 55. Kxd4 Kf6 56. Kc5 Be4 57. Kd4 Bxh1 58. Ke3 Bd5 59. Kf2 Kf5 60.
Ke3 Kg4 61. Kd4 Be6 62. Ke3 Kg5 63. Kf2 Bc4 64. Kf3 Kg6 65. h3 Kf7 66. Kf4 Be6
67. Ke5 Bxh3 68. Nxh3 Kf8 69. Ng5 Ke8 70. Nh7 Kd8 71. Nf6 Kc8 72. Nd7 Kb7 73.
Kd6 Ka6 74. Kc6 Ka5 75. Nb6 Kb4 76. Be1+ Ka3 77. Ba5 Ka2 78. Nc4 Kb1 79. Na3+
Kc1 {L'un des joueurs n'a plus de temps et l'autre n'a pas assez de matériel pour mater} 1/2-1/2

[Event "Tournament 14459 - Europe Echecs"]
[Site "Europe Echecs"]
[Date "2020.07.07"]
[Round "9"]
[Time "18:23:10"]
[PlyCount "66"]
[White "MimouneKenzi"]
[Black "KhouryTheo"]
[WhiteElo "1266"]
[BlackElo "1465"]
[Mode "WEB"]
[Result "0-1"]

1. e4 c5 2. Nf3 d6 3. d4 cxd4 4. Nxd4 Nf6 5. Nc3 a6 6. Be3 e5 7. Nb3 Be7 8. Bd3
Be6 9. Nd2 b5 10. a3 Nbd7 11. O-O O-O 12. f4 exf4 13. Bxf4 Nc5 14. Be2 Qb6 15.
Kh1 Rfd8 16. Bf3 Rac8 17. Qe2 b4 18. axb4 Qxb4 19. Nd5 Bxd5 20. exd5 Qxf4 21.
Qxe7 Qxd2 22. Rac1 Nxd5 23. Bxd5 Qxd5 24. Rcd1 Qe6 25. Qg5 Ne4 26. Qf4 Qg6 27.
Rde1 d5 28. c3 Rb8 29. Qc7 Rf8 30. c4 Rxb2 31. g3 Qh5 32. h4 Qg4 33. Rxe4 {MimouneKenzi a abandonné} 0-1

[Event "Tournament 14459 - Europe Echecs"]
[Site "Europe Echecs"]
[Date "2020.07.07"]
[Round "9"]
[Time "18:23:10"]
[PlyCount "116"]
[White "SamouelianSola"]
[Black "LetellierLouis"]
[WhiteElo "1349"]
[BlackElo "1203"]
[Mode "WEB"]
[Result "1-0"]

1. e4 c5 2. Nf3 Nc6 3. d4 cxd4 4. Nxd4 Nf6 5. Nc3 e5 6. Ndb5 b6 7. Nd6+ Bxd6 8.
Qxd6 Qe7 9. Nb5 Qxd6 10. Nxd6+ Ke7 11. Nf5+ Ke8 12. Bd3 g6 13. Nd6+ Ke7 14. Bg5
Nb4 15. Bxf6+ Kxf6 16. Nc4 Nxd3+ 17. cxd3 Ba6 18. Ke2 Bxc4 19. dxc4 Rac8 20. b3
a6 21. Rad1 Ke6 22. Rd5 Rc5 23. Rhd1 Rxd5 24. Rxd5 Rc8 25. g4 Rc5 26. Kd3 Rxd5+
27. cxd5+ Kf6 28. h4 g5 29. h5 Ke7 30. Kc4 Kd6 31. a4 a5 32. Kb5 Kc7 33. Ka6 h6
34. f3 d6 35. Ka7 f6 36. Ka6 b5 37. axb5 Kc8 38. b6 a4 39. bxa4 Kb8 40. b7 f5
41. exf5 e4 42. fxe4 Kc7 43. Ka7 Kd7 44. b8=Q Ke7 45. Qc8 Kf7 46. Qd8 Kg7 47.
Qe8 Kh7 48. Kb7 Kg7 49. Kc7 Kf6 50. Kd7 Kg7 51. Ke7 Kh7 52. Qf7+ Kh8 53. Qf6+
Kg8 54. Qg6+ Kh8 55. Qe8+ Kg7 56. f6+ Kh7 57. f7 Kg7 58. Qg8# {LetellierLouis est échec et mat} 1-0

[Event "Tournament 14459 - Europe Echecs"]
[Site "Europe Echecs"]
[Date "2020.07.07"]
[Round "9"]
[Time "18:23:10"]
[PlyCount "128"]
[White "LlariMarc"]
[Black "ZadoyanGurgen"]
[WhiteElo "799"]
[BlackElo "1256"]
[Mode "WEB"]
[Result "1-0"]

1. e4 e5 2. Nf3 Nc6 3. Bb5 Bc5 4. O-O d6 5. c3 a6 6. Bxc6+ bxc6 7. d4 exd4 8.
cxd4 Bb6 9. Be3 Bg4 10. Nbd2 Nf6 11. Qc2 Bd7 12. h3 O-O 13. Rac1 Re8 14. Bg5 h6
15. Bh4 g5 16. Bg3 Qe7 17. Rfe1 Nh5 18. Bh2 Ba5 19. a3 Qf6 20. b4 Bb6 21. e5
dxe5 22. Nxe5 Bf5 23. Ne4 Bxe4 24. Qxe4 Rad8 25. Red1 Nf4 26. Bxf4 gxf4 27. Qxc6
Qg5 28. Nf3 Qg7 29. Re1 Rxe1+ 30. Rxe1 Bxd4 31. Re8+ Rxe8 32. Qxe8+ Kh7 33. Qe4+
Kg8 34. Qxd4 Qg6 35. Qxf4 c6 36. Qg3 Qxg3 37. fxg3 Kg7 38. Kf2 Kf6 39. Ke3 Kf5
40. Kd4 Ke6 41. Kc5 Kd7 42. Ne5+ Ke6 43. Nxc6 Kf5 44. Nb8 Ke4 45. Nxa6 Ke3 46.
b5 Kf2 47. b6 Kxg2 48. b7 Kxg3 49. b8=Q+ Kxh3 50. Qf8 h5 51. Qxf7 h4 52. Nc7 Kh2
53. a4 h3 54. a5 Kh1 55. a6 h2 56. a7 Kg1 57. a8=Q h1=Q 58. Qg6+ Kh2 59. Qh5+
Kg3 60. Qaxh1 Kf2 61. Qf5+ Ke3 62. Qhe4+ Kd2 63. Qf2+ Kc3 64. Qfc2# {ZadoyanGurgen est échec et mat} 1-0

[Event "Tournament 14459 - Europe Echecs"]
[Site "Europe Echecs"]
[Date "2020.07.07"]
[Round "9"]
[Time "18:23:10"]
[PlyCount "71"]
[White "BornhofenValen"]
[Black "NouvelJehan"]
[WhiteElo "1258"]
[BlackElo "1104"]
[Mode "WEB"]
[Result "1-0"]

1. e4 e6 2. d3 d5 3. Nd2 c5 4. Ngf3 Nf6 5. g3 Nc6 6. Bg2 Bd6 7. O-O O-O 8. Re1
e5 9. Nf1 d4 10. h4 Bg4 11. N1h2 Bxf3 12. Nxf3 h6 13. Nh2 Ne7 14. f4 Qc7 15. f5
Nc6 16. g4 g6 17. Bxh6 Rfe8 18. g5 Nh5 19. Ng4 Be7 20. fxg6 fxg6 21. Nf2 Qd7 22.
Qf3 Nf4 23. Nh3 Nh5 24. Rf1 Bd6 25. Rf2 Rac8 26. Raf1 Rc7 27. Rd2 Nf4 28. Nxf4
exf4 29. h5 Ne5 30. Qf2 Ng4 31. Qh4 Ne3 32. Rff2 Kh7 33. Bf3 Qf7 34. hxg6+ Qxg6
35. Bh5 Qe6 {NouvelJehan a abandonné} 1-0

[Event "Tournament 14459 - Europe Echecs"]
[Site "Europe Echecs"]
[Date "2020.07.07"]
[Round "9"]
[Time "18:23:10"]
[PlyCount "71"]
[White "AllardNedellec"]
[Black "BreuilVirgile"]
[WhiteElo "1292"]
[BlackElo "1622"]
[Mode "WEB"]
[Result "0-1"]

1. e4 e5 2. Nf3 Nc6 3. Nc3 Nf6 4. Bb5 Bc5 5. O-O d6 6. d3 O-O 7. Bg5 h6 8. Bh4
Be6 9. a3 a6 10. Bxc6 bxc6 11. b4 Bb6 12. Na2 d5 13. Nxe5 Qd6 14. Bxf6 gxf6 15.
Nf3 f5 16. e5 Qe7 17. d4 f6 18. Nc3 fxe5 19. Nxe5 Qd6 20. Ne2 a5 21. c3 f4 22.
Nc1 f3 23. Nxf3 Bg4 24. Nd3 Rae8 25. Nde5 Rxe5 26. dxe5 Qg6 27. Kh1 Qh5 28. Rg1
Kh8 29. Qd2 c5 30. Qxd5 c6 31. Qd2 Bc7 32. bxc5 Rg8 33. Qd4 Bxf3 34. e6+ Rg7 35.
Qe3 Qxh2# {AllardNedellec est échec et mat} 0-1

[Event "Tournament 14459 - Europe Echecs"]
[Site "Europe Echecs"]
[Date "2020.07.07"]
[Round "9"]
[Time "18:23:10"]
[PlyCount "44"]
[White "BonelliMaestra"]
[Black "PonLeBrunGrego"]
[WhiteElo "1545"]
[BlackElo "1145"]
[Mode "WEB"]
[Result "1-0"]

1. e4 e5 2. Nf3 Nc6 3. Bb5 Bc5 4. c3 d6 5. O-O Nf6 6. d4 exd4 7. cxd4 Bb4 8. a3
Ba5 9. b4 Bb6 10. d5 a6 11. Ba4 Bd7 12. dxc6 bxc6 13. Re1 O-O 14. Bc2 Ng4 15.
Be3 Nxe3 16. fxe3 Qf6 17. Nbd2 Qc3 18. Nf1 c5 19. Qd3 cxb4 20. axb4 Qxb4 21. e5
Bb5 22. Qxh7# {PonLeBrunGrego est échec et mat} 1-0

[Event "Tournament 14459 - Europe Echecs"]
[Site "Europe Echecs"]
[Date "2020.07.07"]
[Round "9"]
[Time "18:23:10"]
[PlyCount "157"]
[White "SayahHobonNoah"]
[Black "KouamNoe"]
[WhiteElo "1364"]
[BlackElo "1462"]
[Mode "WEB"]
[Result "0-1"]

1. e4 d6 2. d4 Nf6 3. Bd3 g6 4. c3 Bg7 5. Bf4 O-O 6. Nf3 Nbd7 7. O-O c5 8. Qd2
cxd4 9. cxd4 Re8 10. Bh6 e5 11. Bxg7 Kxg7 12. d5 Nc5 13. Nc3 Bg4 14. Qe2 Nh5 15.
Bb5 Nf4 16. Qe3 Bxf3 17. Qxf3 Rf8 18. b4 Nd7 19. Ne2 Nxe2+ 20. Qxe2 a6 21. Ba4
Nb6 22. Bb3 f5 23. f3 Qg5 24. Rac1 Rac8 25. Rxc8 Rxc8 26. Qf2 Nd7 27. f4 exf4
28. Qxf4 Qxf4 29. Rxf4 fxe4 30. Rxe4 Nf6 31. Re7+ Kh6 32. Rxb7 Rc1+ 33. Kf2 Rb1
34. Rf7 Ne4+ 35. Ke3 Re1+ 36. Kd3 Ng5 37. Rf6 Ne4 38. Re6 Nf2+ 39. Kd2 Rg1 40.
g3 Rg2 41. Re2 Rxh2 42. Bc4 Ne4+ 43. Ke3 Rxe2+ 44. Bxe2 Nxg3 45. Bxa6 Kg5 46.
Kf3 Nf5 47. Bd3 Ne7 48. Bc4 h5 49. b5 Nc8 50. a4 h4 51. Kg2 Kf5 52. Bd3+ Ke5 53.
Bxg6 Kxd5 54. Kh3 Kc5 55. Kxh4 Kb4 56. Bc2 d5 57. Kg4 d4 58. Kf3 Kc3 59. Bd1 d3
60. Ke3 Nb6 61. a5 Nc4+ 62. Kf2 Nxa5 63. Be2 d2 64. b6 Kc2 65. Ke3 Kc3 66. Bd1
Nc4+ 67. Kf4 Nxb6 68. Kg5 Nd5 69. Kh6 Ne3 70. Bh5 Kd4 71. Kg6 Ke5 72. Kh6 Ng2
73. Kg5 Nf4 74. Bd1 Nh3+ 75. Kh4 Nf2 76. Bh5 Ne4 77. Kg4 Nf6+ 78. Kf3 d1=Q+ {SayahHobonNoah a abandonné} 0-1

[Event "Tournament 14459 - Europe Echecs"]
[Site "Europe Echecs"]
[Date "2020.07.07"]
[Round "9"]
[Time "18:23:10"]
[PlyCount "64"]
[White "HammRodrigue"]
[Black "SabapatheeFlor"]
[WhiteElo "1109"]
[BlackElo "1444"]
[Mode "WEB"]
[Result "1/2-1/2"]

1. e4 c5 2. Nf3 e6 3. c3 Nf6 4. e5 Nd5 5. d4 Nc6 6. Bc4 d6 7. exd6 Bxd6 8. O-O
cxd4 9. Nxd4 Nxd4 10. Qxd4 O-O 11. Bxd5 exd5 12. Re1 Re8 13. Rxe8+ Qxe8 14. Bd2
Be6 15. g3 Qb5 16. b4 Bh3 17. Na3 Qe2 18. Qxd5 Rd8 19. Re1 Qa6 20. Nc4 h6 21.
Ne5 Bc7 22. Qxf7+ Kh7 23. Qxc7 Rxd2 24. Nf3 Rxa2 25. Qe7 Qc6 26. Qe4+ Qxe4 27.
Rxe4 Ra1+ 28. Re1 Ra3 29. Re3 Ra1+ 30. Re1 Ra3 31. Re3 Ra1+ 32. Re1 {Nulle par répétition} 1/2-1/2

[Event "Tournament 14459 - Europe Echecs"]
[Site "Europe Echecs"]
[Date "2020.07.07"]
[Round "9"]
[Time "18:23:10"]
[PlyCount "125"]
[White "BronnyGermain"]
[Black "NegreEmilie"]
[WhiteElo "1354"]
[BlackElo "1438"]
[Mode "WEB"]
[Result "0-1"]

1. d4 Nf6 2. c4 e6 3. Nc3 Bb4 4. Nf3 O-O 5. Bf4 Re8 6. e3 d5 7. Be2 c6 8. O-O h6
9. a3 Bf8 10. c5 Nh5 11. b4 Nxf4 12. exf4 b6 13. Na4 Qc7 14. cxb6 axb6 15. Nb2
Qxf4 16. Qc2 Bb7 17. b5 c5 18. Nd3 Qf5 19. dxc5 Bxc5 20. Nh4 Qh7 21. Qc3 Nd7 22.
Nxc5 Nxc5 23. Nf3 Rec8 24. Qe3 Qe4 25. Qxe4 Nxe4 26. Bd3 Nc5 27. Bc2 Na4 28.
Rfc1 g6 29. Bb3 Rxc1+ 30. Rxc1 Nc5 31. Nd2 Rxa3 32. Rb1 Kf8 33. Kf1 Ke7 34. Ke2
Kd6 35. f4 f5 36. g3 h5 37. Rb2 Ne4 38. Nxe4+ fxe4 39. Kd2 d4 40. Kc2 Bd5 41.
Bxd5 exd5 42. Rb3 Rxb3 43. Kxb3 Kc5 44. h3 d3 45. Kc3 Kxb5 46. g4 hxg4 47. hxg4
Kc6 48. Kd2 Kd6 49. Kc3 Ke6 50. Kd2 Kf6 51. Kc3 b5 52. Kd2 d4 53. Kc1 e3 54. Kd1
d2 55. Ke2 b4 56. Kd1 b3 57. f5 gxf5 58. gxf5 Kxf5 59. Ke2 b2 60. Kf3 b1=Q 61.
Kg3 Qg1+ 62. Kh4 Qg4# {BronnyGermain est échec et mat} 0-1

[Event "Tournament 14459 - Europe Echecs"]
[Site "Europe Echecs"]
[Date "2020.07.07"]
[Round "9"]
[Time "18:23:10"]
[PlyCount "60"]
[White "CerclierLeo"]
[Black "YastrebovAndre"]
[WhiteElo "1420"]
[BlackElo "1370"]
[Mode "WEB"]
[Result "1-0"]

1. e4 c5 2. Nc3 d6 3. f4 g6 4. Nf3 Bg7 5. Bb5+ Bd7 6. Bxd7+ Qxd7 7. O-O Nf6 8.
d3 Nc6 9. Qe1 Nb4 10. Qf2 Ng4 11. Qg3 Nh6 12. f5 Nxc2 13. Bxh6 Bxh6 14. Rad1 Ne3
15. Qh4 Bg7 16. Nd5 Nxf1 17. Rxf1 f6 18. g4 g5 19. Qh5+ Kf8 20. d4 Qc6 21. b3
cxd4 22. Nxd4 Qc5 23. Rd1 Rc8 24. Kg2 Kg8 25. Nxe7+ Kf8 26. Nd5 Re8 27. Ne6+
Rxe6 28. fxe6 Qc2+ 29. Kg3 Qc8 30. Qf7# {YastrebovAndre est échec et mat} 1-0

[Event "Tournament 14459 - Europe Echecs"]
[Site "Europe Echecs"]
[Date "2020.07.07"]
[Round "9"]
[Time "18:23:10"]
[PlyCount "84"]
[White "AlfanoEmilie"]
[Black "DemangeTheopha"]
[WhiteElo "1407"]
[BlackElo "799"]
[Mode "WEB"]
[Result "1-0"]

1. e4 e5 2. Nf3 Nc6 3. Bc4 Bc5 4. c3 Nf6 5. d3 O-O 6. O-O d5 7. exd5 Nxd5 8. Re1
Re8 9. d4 exd4 10. Rxe8+ Qxe8 11. Bxd5 Bd7 12. cxd4 Bb4 13. Nc3 Bxc3 14. bxc3
Qe7 15. Bg5 Qe8 16. Qc2 Be6 17. Bxe6 Qxe6 18. Re1 Qd6 19. Qe4 Qd7 20. Ne5 Nxe5
21. Qxe5 Kf8 22. Qe7+ Qxe7 23. Rxe7 Rc8 24. Rd7 Re8 25. Kf1 Rc8 26. Bf4 Ke8 27.
Rxc7 Rxc7 28. Bxc7 Kd7 29. Be5 Kc6 30. Bxg7 Kd5 31. Ke2 b5 32. Kd3 a5 33. a3 h5
34. f3 f5 35. h3 h4 36. Bf6 b4 37. axb4 axb4 38. cxb4 Kc6 39. Bxh4 Kb5 40. d5
Kxb4 41. d6 Kc5 42. d7 {DemangeTheopha a abandonné} 1-0

[Event "Tournament 14459 - Europe Echecs"]
[Site "Europe Echecs"]
[Date "2020.07.07"]
[Round "9"]
[Time "18:23:10"]
[PlyCount "138"]
[White "AuribaultLouis"]
[Black "MarzolfSamuel"]
[WhiteElo "1618"]
[BlackElo "1220"]
[Mode "WEB"]
[Result "1-0"]

1. e4 e5 2. Nf3 Nc6 3. Bb5 d6 4. d4 Bg4 5. d5 a6 6. Bxc6+ bxc6 7. dxc6 Ne7 8. h3
Bh5 9. O-O Nxc6 10. Qd5 Qd7 11. Nbd2 Be7 12. c3 O-O 13. Qd3 Rfd8 14. Nc4 Bf6 15.
Rd1 Ne7 16. Nfxe5 Bxe5 17. Nxe5 Qe6 18. Nf3 d5 19. Bf4 Bxf3 20. Qxf3 dxe4 21.
Qe3 Rxd1+ 22. Rxd1 Rc8 23. Bxc7 Nd5 24. Qc5 Nxc7 25. Qxc7 h6 26. Rd8+ Rxd8 27.
Qxd8+ Kh7 28. a3 Qa2 29. Qb6 Qb1+ 30. Kh2 Qf1 31. Qd4 f5 32. Qe3 Qb1 33. Qb6 Qf1
34. Qd4 Qb1 35. Qe5 Qxb2 36. Qxf5+ g6 37. Qxe4 Qxc3 38. Qb7+ Kh8 39. Qxa6 Qc7+
40. g3 Qc2 41. Qf6+ Kh7 42. Kg2 Qe4+ 43. Qf3 Qa4 44. Qf7+ Kh8 45. Qxg6 Qxa3 46.
Qxh6+ Kg8 47. Qg5+ Kh8 48. Qh4+ Kg8 49. Qc4+ Kh8 50. Qc8+ Kh7 51. g4 Qb3 52.
Qf5+ Kh8 53. g5 Qb7+ 54. Qf3 Qg7 55. h4 Qh7 56. h5 Qg7 57. g6 Qh6 58. Qf6+ Qg7
59. Qxg7+ Kxg7 60. f4 Kh6 61. f5 Kg7 62. Kg3 Kg8 63. f6 Kf8 64. h6 Kg8 65. f7+
Kf8 66. h7 Kg7 67. h8=Q+ Kxg6 68. f8=Q Kg5 69. Qhh6# {MarzolfSamuel est échec et mat} 1-0

[Event "Tournament 14459 - Europe Echecs"]
[Site "Europe Echecs"]
[Date "2020.07.07"]
[Round "9"]
[Time "18:23:10"]
[PlyCount "46"]
[White "VijaySoukreev"]
[Black "AymericElijah"]
[WhiteElo "1204"]
[BlackElo "1450"]
[Mode "WEB"]
[Result "1-0"]

1. d4 d5 2. Nf3 Nc6 3. Bf4 Nf6 4. e3 Bf5 5. Bb5 Bd7 6. c3 a6 7. Bxc6 Bxc6 8. O-O
e6 9. a4 Bd6 10. Ne5 Bxe5 11. Bxe5 O-O 12. Nd2 Ne4 13. Nxe4 dxe4 14. Qg4 g6 15.
Bf4 Qf6 16. Bh6 Qf5 17. Qxf5 exf5 18. Bxf8 Rxf8 19. b4 Bd5 20. Rfc1 Bc4 21. h3
b5 22. axb5 Bxb5 23. c4 {AymericElijah a abandonné} 1-0

[Event "Tournament 14459 - Europe Echecs"]
[Site "Europe Echecs"]
[Date "2020.07.07"]
[Round "9"]
[Time "18:23:10"]
[PlyCount "82"]
[White "PleutMael"]
[Black "CastagnerolCer"]
[WhiteElo "1191"]
[BlackElo "1332"]
[Mode "WEB"]
[Result "1-0"]

1. d4 d5 2. c4 e6 3. Nc3 Nf6 4. cxd5 exd5 5. Bg5 Be7 6. Nf3 O-O 7. e3 Nc6 8. a3
h6 9. Bxf6 Bxf6 10. Bd3 Be6 11. O-O Qd6 12. Qb3 b6 13. Rac1 Ne7 14. Nb5 Qd8 15.
Nxc7 Rc8 16. Nxe6 fxe6 17. Ba6 Rxc1 18. Rxc1 Qd7 19. g3 Ng6 20. Bb5 Qf7 21. Qa4
Be7 22. Qxa7 Qxf3 23. Rf1 h5 24. Qxb6 Rf6 25. Bd7 h4 26. Bxe6+ Kh7 27. Qc6 Nf8
28. Bxd5 Qg4 29. Qc2+ Kh8 30. Qe4 Qxe4 31. Bxe4 hxg3 32. fxg3 Rb6 33. Rf2 Re6
34. Rf4 Rb6 35. b4 Ra6 36. Rf7 Rxa3 37. Rxe7 Rxe3 38. Re8 g6 39. Rxf8+ Kg7 40.
Re8 Kf7 41. Bxg6+ {CastagnerolCer a perdu au temps} 1-0

[Event "Tournament 14459 - Europe Echecs"]
[Site "Europe Echecs"]
[Date "2020.07.07"]
[Round "9"]
[Time "18:23:10"]
[PlyCount "78"]
[White "PerrinCyril"]
[Black "QuenehenNassim"]
[WhiteElo "1084"]
[BlackElo "1322"]
[Mode "WEB"]
[Result "1-0"]

1. e4 e5 2. Nf3 Nf6 3. Nc3 Nc6 4. Bc4 Bc5 5. d3 d6 6. Bg5 h6 7. Bh4 g5 8. Bg3
Nh5 9. Qe2 Bg4 10. h3 Nd4 11. Qd1 Bxf3 12. gxf3 Nxg3 13. fxg3 Qf6 14. Rf1 O-O-O
15. f4 gxf4 16. gxf4 Qh4+ 17. Kd2 exf4 18. Qg4+ Qxg4 19. hxg4 f3 20. Nb5 a6 21.
Nxd4 Bxd4 22. c3 Be5 23. Rxf3 h5 24. d4 hxg4 25. Rxf7 Rh2+ 26. Kd3 Rh3+ 27. Kc2
Bh8 28. Be6+ Kb8 29. Bxg4 Rh2+ 30. Kb3 Rg2 31. Bf5 Rg3 32. d5 Be5 33. Rh1 b5 34.
Rhh7 a5 35. Rxc7 a4+ 36. Kb4 Rg2 37. Rb7+ Ka8 38. Ra7+ Kb8 39. Rhb7# {QuenehenNassim est échec et mat} 1-0

[Event "Tournament 14459 - Europe Echecs"]
[Site "Europe Echecs"]
[Date "2020.07.07"]
[Round "9"]
[Time "18:23:10"]
[PlyCount "22"]
[White "LefrancoisJean"]
[Black "ZylbersztejnDo"]
[WhiteElo "1038"]
[BlackElo "1316"]
[Mode "WEB"]
[Result "1-0"]

1. d4 d5 2. Nc3 Nf6 3. Bf4 c5 4. e3 Nc6 5. Nb5 Qa5+ 6. c3 cxd4 7. exd4 e6 8.
Nc7+ Kd8 9. Nxa8 Bd7 10. Bc7+ Ke8 11. Bxa5 {ZylbersztejnDo a abandonné} 1-0

[Event "Tournament 14459 - Europe Echecs"]
[Site "Europe Echecs"]
[Date "2020.07.07"]
[Round "9"]
[Time "18:23:10"]
[PlyCount "97"]
[White "BernardInes"]
[Black "TureshbayevAno"]
[WhiteElo "1250"]
[BlackElo "799"]
[Mode "WEB"]
[Result "0-1"]

1. e4 e5 2. Nf3 Nc6 3. Nc3 Nf6 4. Bb5 d6 5. d3 Bg4 6. Bg5 Be7 7. Nd5 Nxd5 8.
Bxe7 Ndxe7 9. Bxc6+ Nxc6 10. O-O Nd4 11. h3 Nxf3+ 12. gxf3 Bxh3 13. Qd2 Bxf1 14.
Rxf1 O-O 15. Re1 Qf6 16. Qe3 Qg6+ 17. Kf1 Qh5 18. Ke2 c6 19. Rg1 Rae8 20. Qxa7
b5 21. Qb6 Re6 22. Qxc6 Rf6 23. Rg3 b4 24. c4 bxc3 25. bxc3 Rd8 26. c4 Qh6 27.
Qc7 Rf8 28. Qd7 Rg6 29. Rh3 Qc1 30. Qf5 Qc2+ 31. Ke3 h6 32. f4 exf4+ 33. Qxf4
Qc1+ 34. Kf3 Rf6 35. Qxf6 gxf6 36. Rg3+ Kh7 37. e5 fxe5 38. c5 dxc5 39. d4 cxd4
40. Ke4 Qf4+ 41. Kd5 Qxf2 42. Ra3 Rd8+ 43. Kxe5 Qe2+ 44. Kf4 Re8 45. Ra7 Qe4+
46. Kg3 Rg8+ 47. Kf2 Rg2+ 48. Kf1 Qe2# {BernardInes est échec et mat} 0-1

[Event "Tournament 14459 - Europe Echecs"]
[Site "Europe Echecs"]
[Date "2020.07.07"]
[Round "9"]
[Time "18:23:10"]
[PlyCount "89"]
[White "NeelLaura"]
[Black "RodriguezAugus"]
[WhiteElo "799"]
[BlackElo "1229"]
[Mode "WEB"]
[Result "0-1"]

1. e4 e6 2. d4 d5 3. e5 c5 4. c3 Nc6 5. Nf3 Bd7 6. Be2 Nge7 7. Na3 a6 8. Nc2 Ng6
9. Bg5 Be7 10. Bxe7 Qxe7 11. O-O O-O 12. Qd2 Rac8 13. Rac1 cxd4 14. cxd4 Rc7 15.
Na3 Rfc8 16. Rc3 Nb4 17. Rxc7 Rxc7 18. b3 Nc6 19. Rc1 Qxa3 20. b4 Rc8 21. b5
axb5 22. Bxb5 Na7 23. Rxc8+ Bxc8 24. Bd3 b6 25. Qc2 Ba6 26. Bxa6 Qxa6 27. Qc7
Qxa2 28. Qb8+ Nf8 29. h3 h6 30. g4 Qa5 31. g5 b5 32. h4 b4 33. h5 Qa3 34. Kg2 b3
35. g6 fxg6 36. hxg6 b2 37. Qe8 b1=Q 38. Qf7+ Kh8 39. Nh4 Qe4+ 40. Nf3 Qg4+ 41.
Kf1 Qgxf3 42. Qxf3 Qxf3 43. Kg1 Nxg6 44. Kf1 Nf4 {NeelLaura a abandonné} 0-1

[Event "Tournament 14459 - Europe Echecs"]
[Site "Europe Echecs"]
[Date "2020.07.07"]
[Round "9"]
[Time "18:23:10"]
[PlyCount "74"]
[White "BoulosPaul"]
[Black "SpagnoloLouis"]
[WhiteElo "1705"]
[BlackElo "1141"]
[Mode "WEB"]
[Result "1-0"]

1. e4 c5 2. Nc3 e6 3. f4 Nf6 4. Nf3 Nc6 5. Bb5 Be7 6. Bxc6 bxc6 7. O-O O-O 8. d3
d5 9. e5 Ne8 10. d4 cxd4 11. Qxd4 c5 12. Qd3 Qc7 13. Re1 c4 14. Qd1 Qb6+ 15. Kh1
Nc7 16. Na4 Qa5 17. Nc3 Nb5 18. Bd2 Nxc3 19. Bxc3 Qd8 20. Nd4 Bh4 21. g3 Be7 22.
Qg4 g6 23. a3 Bb7 24. Rad1 h5 25. Nxe6 fxe6 26. Qxg6+ Kh8 27. Qh6+ Kg8 28. Qxe6+
Rf7 29. Bd4 Rc8 30. Qg6+ Rg7 31. Qxh5 Rh7 32. Qg6+ Rg7 33. Qf5 Qc7 34. e6 Rf8
35. Qh5 Rh7 36. Qg6+ Rg7 37. Qxg7# {SpagnoloLouis est échec et mat} 1-0

[Event "Tournament 14459 - Europe Echecs"]
[Site "Europe Echecs"]
[Date "2020.07.07"]
[Round "9"]
[Time "18:23:10"]
[PlyCount "86"]
[White "AboulasseSaad"]
[Black "FischlerInes"]
[WhiteElo "1448"]
[BlackElo "1129"]
[Mode "WEB"]
[Result "1-0"]

1. d4 d5 2. c4 dxc4 3. e3 Nc6 4. Bxc4 Nf6 5. Nc3 g6 6. Nf3 Bg4 7. h3 Bf5 8. Qb3
e6 9. Qxb7 Rb8 10. Qxc6+ Qd7 11. Qxd7+ Nxd7 12. e4 Bxe4 13. Nxe4 Bg7 14. b3 c5
15. Be3 cxd4 16. Bxd4 Bxd4 17. Nxd4 Ne5 18. Nd6+ Ke7 19. Ne4 Nxc4 20. bxc4 Rb4
21. Nc6+ Kd7 22. Nxb4 Rb8 23. Na6 Rb6 24. Nac5+ Kc6 25. Nd3 f5 26. Nc3 Kd6 27.
Nb5+ Kc6 28. Nxa7+ Kd6 29. Nb5+ Kc6 30. Na7+ Kd6 31. c5+ Kd5 32. cxb6 Kd4 33.
Kd2 e5 34. b7 e4 35. Nf4 Kc4 36. b8=Q Kc5 37. Qb5+ Kd6 38. Qc6+ Ke7 39. Nc8+ Kf7
40. Qd7+ Kf8 41. Ne6+ Kg8 42. Ne7+ Kh8 43. Qe8# {FischlerInes est échec et mat} 1-0

[Event "Tournament 14459 - Europe Echecs"]
[Site "Europe Echecs"]
[Date "2020.07.07"]
[Round "9"]
[Time "18:23:10"]
[PlyCount "98"]
[White "BarbaggiSasha"]
[Black "MigusEthan"]
[WhiteElo "1375"]
[BlackElo "1084"]
[Mode "WEB"]
[Result "1-0"]

1. e4 d5 2. exd5 Nf6 3. Nc3 Nxd5 4. Nge2 Nxc3 5. Nxc3 Nc6 6. d4 Qxd4 7. Qxd4
Nxd4 8. Bd3 Bg4 9. Be3 e5 10. Bxd4 exd4 11. Nb5 O-O-O 12. Nxa7+ Kb8 13. Nb5 c6
14. Na3 Bxa3 15. bxa3 Rhe8+ 16. Kd2 h5 17. Rhe1 g5 18. Rxe8 Rxe8 19. Re1 Rxe1
20. Kxe1 Ka7 21. Be2 Kb6 22. Bxg4 hxg4 23. Ke2 f5 24. Kd3 Kc5 25. c4 b5 26. cxb5
cxb5 27. g3 Kd5 28. f4 gxf3 29. h3 Ke5 30. h4 gxh4 31. gxh4 Kf4 32. h5 f2 33.
Ke2 Kg3 34. Kf1 Kh4 35. h6 Kg3 36. h7 d3 37. h8=Q d2 38. Qc3+ Kh2 39. Qxd2 Kg3
40. Qxf2+ Kg4 41. Ke2 f4 42. Kd3 f3 43. Ke4 Kg5 44. Qxf3 Kg6 45. Qf5+ Kg7 46.
Ke5 Kh6 47. Qg4 Kh7 48. Kf6 Kh8 49. Qg7# {MigusEthan est échec et mat} 1-0

[Event "Tournament 14459 - Europe Echecs"]
[Site "Europe Echecs"]
[Date "2020.07.07"]
[Round "9"]
[Time "18:23:10"]
[PlyCount "46"]
[White "GalimovIskanda"]
[Black "LimouzinSwann"]
[WhiteElo "1358"]
[BlackElo "1117"]
[Mode "WEB"]
[Result "1-0"]

1. e4 e5 2. Nf3 Nc6 3. d4 exd4 4. c3 dxc3 5. Nxc3 Bc5 6. Bc4 d6 7. Qb3 Qe7 8.
O-O Nf6 9. Bg5 h6 10. Nd5 Qd7 11. Bxf6 Nd4 12. Nxd4 Bxd4 13. Bxd4 c6 14. Nc3 d5
15. exd5 cxd5 16. Rfe1+ Kd8 17. Nxd5 Qc7 18. Nxc7 Kxc7 19. Re7+ Bd7 20. Be5+ Kd8
21. Bd6 Rc8 22. Qxb7 Re8 23. Rxd7# {LimouzinSwann est échec et mat} 1-0